MLB Top 5 AL MVP Voting 1960s - Statistics

General Stats
  • This quiz has been taken 64 times
  • The average score is 35 of 51
Answer Stats
Year Team Player % Correct
1960: 1 Yankees Roger Maris
98%
1961: 1 Yankees Roger Maris
98%
1960: 3 Orioles Brooks Robinson
96%
1964: 1 Orioles Brooks Robinson
96%
1965: 3 Orioles Brooks Robinson
96%
1966: 2 Orioles Brooks Robinson
96%
1967: 1 Red Sox Carl Yastrzemski
96%
1966: 1 Orioles Frank Robinson
96%
1969: 3 Orioles Frank Robinson
96%
1962: 3 Twins Harmon Killebrew
96%
1963: 4 Twins Harmon Killebrew
96%
1966: 4 Twins Harmon Killebrew
96%
1967: 2 Twins Harmon Killebrew
96%
1969: 1 Twins Harmon Killebrew
96%
1960: 2 Yankees Mickey Mantle
96%
1961: 2 Yankees Mickey Mantle
96%
1962: 1 Yankees Mickey Mantle
96%
1964: 2 Yankees Mickey Mantle
96%
1963: 2 Tigers Al Kaline
90%
1967: 5 Tigers Al Kaline
90%
1969: 5 Athletics Reggie Jackson
88%
1968: 1 Tigers Denny McLain
80%
1966: 3 Orioles Boog Powell
76%
1969: 2 Orioles Boog Powell
76%
1961: 5 Yankees Whitey Ford
76%
1963: 3 Yankees Whitey Ford
76%
1963: 1 Yankees Elston Howard
73%
1964: 3 Yankees Elston Howard
73%
1969: 4 Frank Howard
73%
1964: 4 Twins Tony Oliva
71%
1965: 2 Twins Tony Oliva
71%
1961: 4 Tigers Norm Cash
69%
1965: 1 Twins Zoilo Versalles
59%
1965: 5 Indians Rocky Colavito
57%
1962: 2 Yankees Bobby Richardson
51%
1964: 5 Angels Dean Chance
49%
1966: 5 Twins Jim Kaat
49%
1968: 4 Tigers Willie Horton
45%
1968: 5 Orioles Dave McNally
41%
1960: 4 White Sox Minnie Miñoso
41%
1961: 3 Orioles Jim Gentile
39%
1967: 3 Tigers Bill Freehan
37%
1968: 2 Tigers Bill Freehan
37%
1968: 5 Indians Luis Tiant
35%
1968: 3 Red Sox Ken Harrelson
22%
1962: 4 Angels Leon Wagner
22%
1967: 4 White Sox Joe Horlen
20%
1963: 5 Red Sox Dick Radatz
18%
1960: 5 Orioles Ron Hansen
18%
1962: 5 Indians Dick Donovan
10%
1965: 4 White Sox Eddie Fisher
8%
No matching quizzes found
Score Distribution
Percent of People with Each Score
Percentile by Number Answered
Your Score History
You have not taken this quiz